• 首页
  • 本馆介绍
  • 公告通知
  • 最新文献
  • 馆藏检索
  • 电子资源
  • 读者导购
  • 参考咨询
  • 我的图书馆
  • 登录
  • 详细信息显示
  • 放入我的书架
  • 预约/预借图书
  • 作者相关作品
  • 分类相关作品
  • 丛书相关作品
  • 出版社相关作品

书目信息

  • 表格格式
  • 工作单格式
  • 卡片格式
题名:
媒体伦理学案例与道德论据
    
 
作者: 克利福德.G.克里斯蒂安 ;张晓辉
分册:  
出版信息: 北京   华夏出版社  2000
页数:
开本: 26cm
丛书名:
单 册:
中图分类: G2
科图分类:
主题词: 信息 , 知识--传播
电子资源:
ISBN: 7-5080-2186-X
000 00689nam0 2200217 450
001 0735257515
005 20070904094737.51
010    @a7-5080-2186-X@d38
100    @a20070904d km y0chiy0120 ea
101 0  @achi
200 1  @a媒体伦理学案例与道德论据@Amei ti lun li xue an li yu dao de lun ju@f克利福德.G.克里斯蒂安等@Fke li fu de.G.ke li si di an deng@g张晓辉等@Gzhang xiao hui deng
205    @a第五版
210    @a北京@c华夏出版社@d2000
215    @d26cm
606 0  @a信息
606 0  @a知识@x传播
690    @aG2@v3
701  0 @a克利福德.G.克里斯蒂安@Ake li fu de.G.ke li si di an
702  0 @a张晓辉@Azhang xiao hui
801  0 @aCN@bPFT@c20070904
905    @a213230@dG2@ea10@f1
    
    媒体伦理学案例与道德论据/克利福德.G.克里斯蒂安等/张晓辉等.-第五版.-北京:华夏出版社,2000
    26cm
    
    
    ISBN 7-5080-2186-X:38
    
●
相关链接 在E读中查询图书 在五车中查询图书 在当当中查询图书 在豆瓣中查询图书


正题名:媒体伦理学案例与道德论据     索取号:G2/a10         预约/预借

序号 登录号 条形码 馆藏地/架位号 状态 备注
1 7503382   275033820   密集书库-史法系/ [索取号:G2/a10] 在馆    
唐山师范学院图书馆 欢迎您!
大连网信软件有限公司© 版权所有